| 000 | 00367nam a2200157Ia 4500 | ||
|---|---|---|---|
| 005 | 20250423094924.0 | ||
| 008 | 250422s9999 xx 000 0 und d | ||
| 020 | _a978- 0- 375- 76525- 4 | ||
| 050 | _aQH316.C66/ | ||
| 100 | _aKim Magloire | ||
| 245 | 0 | _aCracking the AP biology exam | |
| 260 | _bRandom House | ||
| 260 | _c2006 | ||
| 300 | _a326 p | ||
| 942 | _cBK | ||
| 999 |
_c28702 _d28702 |
||